Datum a čas kvízu
30.5
Celkem bodů
Celkový počet nahraných bodů na tomto kvízu bez doplňovacích otázek.
1.
Pořadí na kvízu
Konečné umístění týmu na tomto kvízu.
Zaznamenané odpovědi
| # | Otázka | Odpověď | Body | Výsledky |
|---|---|---|---|---|
| 1. | Lele Ceterové, partnerce bojov... | Rocky | 1 | |
| 2. | Odstupující premiérce Angele M... | Nina Hagen | 0 | |
| 3. | Jako posledních pár let se v P... | Pondělí až pátek linka 4, sobota a neděle linka číslo 2. | 0.5 | |
| 4. | Jen pár hodin po uvedení na tr... | o pivo | 1 | |
| 5. | Brankář týmu Arizona Coyotes s... | Karel Vejmelka | 0 | |
| 6. | Po slavných psech a koních při... | Francie | 1 | |
| 7. | Kocoura na obrázku můžeme znát... | Sylvester | 1 | |
| 8. | Kočku na obrázku nejspíš někdy... | C. Tardar Sauce | 0 | |
| 9. | Neopomeneme ani slavné literár... | Křivonožka (v originálu Crookshanks) | 0 | |
| 10. | Téma slavných koček zakončíme... | Bastet (též Baset, Baast, Ubaste) | 0 |